| 000 | 00523aam a2200205 4500 | ||
|---|---|---|---|
| 005 | 20170602165911.0 | ||
| 008 | 150610b xxu||||| |||| 00| 0 spa d | ||
| 041 | _aEspañol | ||
| 082 | _a230 DVD | ||
| 245 | _aLa fuerza del líder en las reuniones | ||
| 260 | _aMéxico | ||
| 260 | _bNetwork Digital | ||
| 260 | _c1997 | ||
| 300 | _a45 minutos | ||
| 650 |
_aREUNIONES _91559 |
||
| 650 |
_aLIDERAZGO EN LAS REUNIONES _942912 |
||
| 650 |
_aUSO DE LA PALABRA _942913 |
||
| 650 |
_aDISCUSIONES _932053 |
||
| 942 | _cBK | ||
| 999 |
_c9512 _d9512 |
||